| 000 | 00636nam a22001817a 4500 | ||
|---|---|---|---|
| 999 |
_c176609 _d176609 |
||
| 005 | 20210111163046.0 | ||
| 010 | _aENG-128755 | ||
| 020 |
_a978-81-237-9138-8 _c195.00 |
||
| 035 | _aEN-112287 | ||
| 037 | _bDBAD/PUB | ||
| 082 | _a911.54 | ||
| 100 | _aTripathi, B. D. | ||
| 245 |
_aThe Ganga: Rejuvenation of a Glorious Past/ _cB. D. Tripathi _bIssues and Challenges |
||
| 260 |
_aNew Delhi _bNational Book Trust _c2020 |
||
| 270 |
_bNew Delhi _e110070 _aNehru Bhawan, 5 Institutional Area, Phase-II, Vasant Kunj |
||
| 300 |
_a168p. _c22cm(pbk) _bIncluding bibliographical references. |
||
| 942 |
_2ddc _cEN _h911.54 _mTRI |
||